| 000 | 00726cam a22002291 4500 | ||
|---|---|---|---|
| 001 | 9346 | ||
| 003 | BD-RjUL | ||
| 005 | 20211208234749.0 | ||
| 008 | 140120s1946 ii 000 0 eng | ||
| 035 | _a(BD-RjUL)9391 | ||
| 035 | _a(OCoLC)4973967 | ||
| 040 |
_aDLC _cBD-RjUL _dBD-RjUL _beng |
||
| 041 | _aeng | ||
| 082 |
_a332.82 _bQUI 1961 |
||
| 100 | 1 |
_aQureshi, Anwar Iqbal. _99804 |
|
| 245 | 1 | 0 |
_aIslam and the theory of interest / _cby, Anwar Iqbal Qureshi, With a foreword by Professor Gyanchand and an introduction by Allama Syed Sulaiman Nadvi. |
| 260 |
_aLahore : _bShaikh M. Ashraf, _c1946 [reprint 1961] |
||
| 300 |
_axxiv, 223 p. ; _c22 cm. |
||
| 650 | 0 |
_aInterest. _928970 |
|
| 942 |
_2ddc _cBK |
||
| 999 |
_c9346 _d9346 |
||